[Event "Asia-chT rapid"]
[Site "Hong Kong"]
[Date "2024.08.24"]
[Round "11.38"]
[White "Sarwate, Rohit"]
[Black "Leung, Hoi Ting"]
[Result "1-0"]
[WhiteElo "1716"]
[BlackElo "1619"]
[PlyCount "160"]
[EventDate "2024.08.22"]
[EventType "team-swiss (rapid)"]
[EventRounds "11"]
[EventCountry "HKG"]
[SourceTitle "CBM 221 Extra"]
[Source "ChessBase"]
[SourceDate "2024.09.30"]
[SourceVersion "1"]
[SourceVersionDate "2024.09.30"]
[SourceQuality "1"]
[WhiteTeam "Pin and Win"]
[BlackTeam "Oasis CC Thunder Team"]
[WhiteTeamCountry "HKG"]
[BlackTeamCountry "HKG"]

1. e4 e6 2. d4 d5 3. Nc3 dxe4 4. Nxe4 Nd7 5. Nf3 Ngf6 6. Bd3 Be7 7. Qe2 b6 8. 0-0 Bb7 9. c4 0-0 10. Bd2 Rc8 11. Bc3 c5 12. dxc5 Nxc5 13. Nxc5 Bxc5 14. Rfd1 Qe7 15. Qe5 Bxf2+ 16. Kh1 Bxf3 17. gxf3 Qc5 18. Qf4 Qe3 19. Qxe3 Bxe3 20. Re1 Bf4 21. Rg1 e5 22. Rae1 Rfe8 23. Rg2 Rcd8 24. Bc2 g6 25. Rge2 Nd7 26. Ba4 a5 27. Rd1 Re7 28. b4 Rc8 29. Rxd7 Rxd7 30. Bxd7 Rxc4 31. Bxe5 Bxe5 32. Rxe5 Rxb4 33. Rb5 Rd4 34. Bc6 Rd2 35. a4 Kg7 36. Rxb6 f5 37. Ra6 Rc2 38. Ba8 Kh6 39. Rxa5 Kh5 40. Ra7 h6 41. Ra6 g5 42. Bc6 Rd2 43. Ra5 f4 44. Be4 Kh4 45. Kg1 Rd6 46. Rd5 Rb6 47. a5 Rb4 48. Rd6 h5 49. a6 Ra4 50. Rc6 Kh3 51. Rh6 Kh4 52. Bb7 Ra1+ 53. Kg2 Ra2+ 54. Kf1 g4 55. fxg4 Kxg4 56. Bc8+ Kg5 57. Rb6 Ra1+ 58. Kf2 Ra2+ 59. Kf3 Ra3+ 60. Ke4 f3 61. Rb5+ Kh4 62. Rf5 Rc3 63. Bb7 Ra3 64. Rxf3 Ra4+ 65. Ke5 Kg4 66. Rg3+ Kh4 67. Rg2 Kh3 68. Kd6 Rxa6+ 69. Kc5 Ra7 70. Rb2 Ra3 71. Bc8+ Kh4 72. Kd4 Ra8 73. Be6 Rd8+ 74. Ke5 Kg5 75. Rg2+ Kh6 76. Kf6 Rf8+ 77. Ke7 Rf3 78. Bf7 Rf5 79. Rg6+ Kh7 80. Kf8 Rf2 1-0

[Event "Hong Kong op"]
[Site "Hong Kong"]
[Date "2023.12.26"]
[Round "4"]
[White "Halomoan, Marco Matheus"]
[Black "Sarwate, Rohit"]
[Result "1/2-1/2"]
[WhiteElo "1192"]
[BlackElo "1552"]
[PlyCount "84"]
[EventDate "2023.12.24"]
[EventType "swiss"]
[EventRounds "9"]
[EventCountry "HKG"]
[SourceTitle "CBM 217 Extra"]
[Source "ChessBase"]
[SourceDate "2024.01.31"]
[SourceVersion "1"]
[SourceVersionDate "2024.01.31"]
[SourceQuality "1"]

1. c4 Nf6 2. g3 e6 3. Bg2 d5 4. d4 Bb4+ 5. Nc3 0-0 6. e3 c5 7. Nge2 Nc6 8. cxd5 Nxd5 9. 0-0 cxd4 10. Nxd5 exd5 11. Nxd4 Be7 12. Nb3 Be6 13. Bd2 Qd6 14. Bc3 Rfd8 15. Nd4 Nxd4 16. Bxd4 a6 17. Qd3 Rac8 18. Rac1 Bd7 19. Qb3 Rxc1 20. Rxc1 Bc6 21. Bc5 Qd7 22. Bh3 Qxh3 23. Bxe7 Re8 24. f3 h6 25. Ba3 Re6 26. Rc2 Rf6 27. Rf2 Qf5 28. Be7 Re6 29. Bc5 Qh3 30. Bd4 h5 31. Qb6 Re8 32. Bc3 Qf5 33. Qd4 Qg6 34. Kg2 f6 35. Qf4 h4 36. g4 Kf7 37. Kh3 Qh7 38. Bd4 Kg8 39. Qf5 Qxf5 40. gxf5 Bd7 41. Kg4 g6 42. Kxh4 Bxf5 1/2-1/2

[Event "Hong Kong-ch prel"]
[Site "Hong Kong"]
[Date "2018.02.12"]
[Round "6"]
[White "Chong, Chor Yuen"]
[Black "Sarwate, Rohit"]
[Result "1-0"]
[WhiteElo "1975"]
[BlackElo "1617"]
[PlyCount "73"]
[EventDate "2018.01.08"]
[EventType "swiss"]
[EventRounds "11"]
[EventCountry "HKG"]
[SourceTitle "EXT 2019"]
[Source "ChessBase"]
[SourceDate "2018.10.10"]
[SourceVersion "1"]
[SourceVersionDate "2018.10.10"]
[SourceQuality "1"]

1. e4 c5 2. Nc3 Nc6 3. Nf3 d6 4. d4 cxd4 5. Nxd4 Nf6 6. Bg5 e6 7. Qd2 Be7 8. 0-0-0 a6 9. f4 Bd7 10. Nb3 Qc7 11. Kb1 0-0-0 12. Be2 Be8 13. Qe3 Na5 14. Rd4 Nxb3 15. axb3 d5 16. e5 Ng8 17. Qg3 Bxg5 18. Qxg5 Ne7 19. Rhd1 Nf5 20. Nxd5 exd5 21. Qxf5+ Bd7 22. Qxf7 Bc6 23. Qxc7+ Kxc7 24. Bf3 Rhf8 25. c4 dxc4 26. Rxd8 Rxd8 27. Rxd8 Bxf3 28. Rg8 Be4+ 29. Kc1 g6 30. bxc4 h5 31. g3 Kd7 32. Rg7+ Ke6 33. Kd2 Kf5 34. h3 Bc6 35. Ke3 Bg2 36. g4+ hxg4 37. hxg4+ 1-0

[Event "Hong Kong-ch prel"]
[Site "Hong Kong"]
[Date "2018.01.29"]
[Round "4"]
[White "Pu, Ethan"]
[Black "Sarwate, Rohit"]
[Result "0-1"]
[WhiteElo "1122"]
[BlackElo "1617"]
[PlyCount "100"]
[EventDate "2018.01.08"]
[EventType "swiss"]
[EventRounds "11"]
[EventCountry "HKG"]
[SourceTitle "EXT 2019"]
[Source "ChessBase"]
[SourceDate "2018.10.10"]
[SourceVersion "1"]
[SourceVersionDate "2018.10.10"]
[SourceQuality "1"]

1. e4 c5 2. Nf3 d6 3. Nc3 a6 4. Bc4 e6 5. Bb3 Nf6 6. d3 Nc6 7. Bg5 Be7 8. Bh4 Qc7 9. Qd2 Bd7 10. Bg3 b5 11. h3 0-0 12. 0-0 Rac8 13. Rae1 Rfd8 14. a3 Qb7 15. Qg5 Re8 16. Kh1 Nxe4 17. Qe3 Nxg3+ 18. fxg3 d5 19. Qf2 Rf8 20. Qd2 h6 21. Nd1 Bf6 22. c3 Qc7 23. Qf2 Qd6 24. Re2 Ne7 25. Rfe1 Nf5 26. Rc2 Nxg3+ 27. Kg1 c4 28. dxc4 bxc4 29. Ba2 Ne4 30. Qe3 Rfd8 31. b3 cxb3 32. Bxb3 Qxa3 33. Ba2 Nxc3 34. Nxc3 Rxc3 35. Rxc3 Bxc3 36. Rc1 d4 37. Qe2 Qxc1+ 38. Qf1 Qxf1+ 39. Kxf1 Bb5+ 40. Kf2 d3 41. g4 d2 42. Nxd2 Rxd2+ 43. Ke3 Rxa2 44. Kf4 Re2 45. Kf3 a5 46. Kf4 e5+ 47. Kg3 Bc6 48. Kh4 Be1+ 49. Kh5 Kh7 50. h4 g6# 0-1

[Event "Hong Kong Jolimark op"]
[Site "Hong Kong"]
[Date "2017.12.25"]
[Round "5"]
[White "Ho, In Hei Henry"]
[Black "Sarwate, Rohit"]
[Result "0-1"]
[WhiteElo "1781"]
[BlackElo "1613"]
[PlyCount "122"]
[EventDate "2017.12.23"]
[EventType "swiss"]
[EventRounds "9"]
[EventCountry "HKG"]
[SourceTitle "CBM 182 Extra"]
[Source "ChessBase"]
[SourceDate "2018.02.23"]
[SourceVersion "1"]
[SourceVersionDate "2018.02.23"]
[SourceQuality "1"]

1. d4 d5 2. Bf4 Nf6 3. Nf3 Bf5 4. e3 c6 5. Bd3 Bxd3 6. Qxd3 e6 7. Nbd2 Bd6 8. Ne5 0-0 9. h3 Qe7 10. Bg5 Qd8 11. f4 Be7 12. Bxf6 Bxf6 13. 0-0-0 Bxe5 14. fxe5 f6 15. exf6 Rxf6 16. e4 Nd7 17. e5 Rf7 18. h4 c5 19. Nf3 c4 20. Qd2 Qe7 21. c3 b5 22. Qc2 h6 23. Kb1 Rf5 24. Rh3 Qf7 25. Qe2 Qg6 26. Qc2 Qg4 27. Nh2 Qf4 28. g4 Rff8 29. Rf3 Qe4 30. Qxe4 dxe4 31. Re3 Rf4 32. Rde1 Raf8 33. Kc1 Nb6 34. Kd1 Rf2 35. R1e2 Rxe2 36. Kxe2 Rf4 37. Rg3 Nd5 38. Nf1 b4 39. Nd2 bxc3 40. bxc3 e3 41. Nxc4 Rf2+ 42. Kd3 e2 43. Kd2 Nf4 44. Re3 Rg2 45. g5 hxg5 46. hxg5 Rxg5 47. Nd6 Rg1 48. Rxe2 Nxe2 49. Kxe2 Rg2+ 50. Kd3 Rxa2 51. c4 Ra3+ 52. Ke4 g5 53. d5 exd5+ 54. Kxd5 g4 55. c5 Rc3 56. Nc4 Rxc4 57. Kxc4 Kf7 58. c6 Ke7 59. e6 Kxe6 60. Kc5 Ke7 61. Kb5 Kd6 0-1

[Event "Hong Kong Jolimark op"]
[Site "Hong Kong"]
[Date "2017.12.23"]
[Round "2"]
[White "Sarwate, Rohit"]
[Black "Nouri, Alekhine"]
[Result "0-1"]
[WhiteElo "1613"]
[BlackElo "2043"]
[PlyCount "104"]
[EventDate "2017.12.23"]
[EventType "swiss"]
[EventRounds "9"]
[EventCountry "HKG"]
[SourceTitle "CBM 182 Extra"]
[Source "ChessBase"]
[SourceDate "2018.02.23"]
[SourceVersion "1"]
[SourceVersionDate "2018.02.23"]
[SourceQuality "1"]

1. e4 c5 2. Nf3 d6 3. d4 cxd4 4. Nxd4 Nf6 5. Nc3 a6 6. Be2 e5 7. Nb3 Be6 8. Be3 Be7 9. 0-0 Nbd7 10. f4 Rc8 11. Kh1 0-0 12. f5 Bc4 13. Bxc4 Rxc4 14. Qd3 Qc7 15. Nd2 Rc6 16. Rac1 Rc8 17. Nb3 b5 18. a3 Rc4 19. Nd2 Rc6 20. Nb3 Rc4 21. Nd2 Nc5 22. Bxc5 Rxc5 23. Nb3 Rc4 24. Nd2 Rd4 25. Qe2 b4 26. axb4 Rxb4 27. Nb3 a5 28. Ra1 a4 29. Rxa4 Rxa4 30. Nxa4 Qxc2 31. Qxc2 Rxc2 32. Re1 g6 33. fxg6 hxg6 34. Kg1 Rc4 35. Nc3 Rb4 36. Nd2 Rxb2 37. Nf3 Rc2 38. Nd1 Rc1 39. Nf2 Rxe1+ 40. Nxe1 d5 41. exd5 Nxd5 42. Ned3 Bd6 43. Ne4 Bc7 44. Kf2 Kg7 45. Ke2 f5 46. Nd2 e4 47. Nc5 Nc3+ 48. Ke3 Bb6 49. Ndb3 Na4 50. Kd4 Nxc5 51. Nxc5 Bxc5+ 52. Kxc5 e3 0-1

[Event "Hong Kong-ch op"]
[Site "Hong Kong"]
[Date "2017.11.06"]
[Round "5"]
[White "Sarwate, Rohit"]
[Black "Dew, Brian"]
[Result "0-1"]
[WhiteElo "1617"]
[BlackElo "2153"]
[PlyCount "52"]
[EventDate "2017.10.09"]
[EventType "swiss"]
[EventRounds "7"]
[EventCountry "HKG"]
[SourceTitle "EXT 2019"]
[Source "ChessBase"]
[SourceDate "2018.10.10"]
[SourceVersion "1"]
[SourceVersionDate "2018.10.10"]
[SourceQuality "1"]

1. e4 c5 2. Nf3 d6 3. d4 cxd4 4. Nxd4 Nf6 5. Nc3 a6 6. Be2 e5 7. Nb3 Be6 8. Be3 Be7 9. 0-0 Nbd7 10. f4 Qc7 11. f5 Bc4 12. Bxc4 Qxc4 13. Qd3 Rc8 14. Kh1 0-0 15. Rac1 b5 16. a3 h6 17. Rfd1 Rc7 18. Na5 Qxd3 19. cxd3 Rfc8 20. b4 Rxc3 21. Ra1 d5 22. exd5 Nxd5 23. Bc1 Bg5 24. Bxg5 hxg5 25. Nb7 Ne3 26. Rg1 Rxd3 0-1

[Event "Hong Kong Jolimark op"]
[Site "Hong Kong"]
[Date "2016.12.27"]
[Round "4"]
[White "Sarwate, Rohit"]
[Black "Zuo, Yifan"]
[Result "0-1"]
[WhiteElo "1604"]
[BlackElo "1998"]
[PlyCount "114"]
[EventDate "2016.12.26"]
[EventType "swiss"]
[EventRounds "9"]
[EventCountry "HKG"]
[SourceTitle "CBM 176 Extra"]
[Source "ChessBase"]
[SourceDate "2017.03.02"]
[SourceVersion "1"]
[SourceVersionDate "2017.03.02"]
[SourceQuality "1"]

1. e4 c5 2. Nf3 Nc6 3. d4 cxd4 4. Nxd4 g6 5. Nc3 Bg7 6. Be3 Nf6 7. Bc4 0-0 8. 0-0 d6 9. h3 Bd7 10. Bb3 Rc8 11. Nxc6 Bxc6 12. Qd3 Nd7 13. Bd4 Nc5 14. Qe3 Bxd4 15. Qxd4 e5 16. Qe3 b5 17. Rac1 a5 18. Qe2 b4 19. Nd5 Ne6 20. c3 Bxd5 21. Bxd5 Nf4 22. Qf3 bxc3 23. Rxc3 Rxc3 24. bxc3 Qc7 25. Rd1 Qxc3 26. Qxc3 Ne2+ 27. Kf1 Nxc3 28. Rd3 Rc8 29. Ke1 Nb5 30. Rb3 Rc5 31. Rf3 Nd4 32. Rf6 Rxd5 33. exd5 Nf5 34. g4 Kg7 35. g5 h6 36. h4 h5 37. Ke2 Kf8 38. f4 e4 39. Kf2 Ke7 40. Ke2 a4 41. Kf2 a3 42. Ke2 Nxh4 43. Ke3 Nf5+ 44. Kxe4 Ng7 45. f5 Ne8 46. fxg6 Nxf6+ 47. gxf6+ Kxf6 48. gxf7 Kxf7 49. Kf5 h4 50. Kg4 Kf6 51. Kxh4 Ke5 52. Kg4 Kxd5 53. Kf3 Kd4 54. Ke2 Kc3 55. Ke3 d5 56. Ke2 d4 57. Kd1 Kd3 0-1

[Event "Hong Kong op"]
[Site "Hong Kong"]
[Date "2015.10.01"]
[Round "1"]
[White "Edwards, Jonathan"]
[Black "Sarwate, Rohit"]
[Result "1-0"]
[WhiteElo "2170"]
[BlackElo "1650"]
[PlyCount "57"]
[EventDate "2015.10.01"]
[EventType "swiss"]
[EventRounds "9"]
[EventCountry "HKG"]
[SourceTitle "CBM 168 Extra"]
[Source "ChessBase"]
[SourceDate "2015.10.29"]
[SourceVersion "1"]
[SourceVersionDate "2015.10.29"]
[SourceQuality "1"]

1. e4 c5 2. Nf3 d6 3. d4 cxd4 4. Nxd4 Nf6 5. Nc3 a6 6. Be3 e6 7. g4 h6 8. Rg1 e5 9. Nb3 Be6 10. h4 d5 11. g5 hxg5 12. Bxg5 Bb4 13. Qe2 Bxc3+ 14. bxc3 Qc7 15. exd5 Nxd5 16. c4 Nb6 17. c5 N6d7 18. 0-0-0 Nc6 19. Qf3 f6 20. Be3 Rxh4 21. Rxg7 0-0-0 22. Rd6 Bxb3 23. axb3 Nd4 24. Bxd4 exd4 25. Bh3 Rhh8 26. Rdxd7 Rxd7 27. Rxd7 Qxd7 28. Bxd7+ Kxd7 29. Qxb7+ 1-0

[Event "Hong Kong-ch prel"]
[Site "Hong Kong"]
[Date "2015.02.16"]
[Round "7"]
[White "Dumalaog, Arturo Lim"]
[Black "Sarwate, Rohit"]
[Result "1/2-1/2"]
[WhiteElo "1812"]
[BlackElo "1629"]
[PlyCount "88"]
[EventDate "2015.01.05"]
[EventType "swiss"]
[EventRounds "9"]
[EventCountry "HKG"]
[SourceTitle "EXT 2016"]
[Source "ChessBase"]
[SourceDate "2015.10.08"]
[SourceVersion "1"]
[SourceVersionDate "2015.10.08"]
[SourceQuality "1"]

1. d4 d5 2. e3 Bf5 3. Nd2 e6 4. c4 c6 5. f4 Nf6 6. Ngf3 Bd6 7. Nh4 Bg4 8. Nhf3 Nbd7 9. Bd3 Qc7 10. 0-0 0-0 11. Qe1 Rfe8 12. Ne5 Bf5 13. Bxf5 exf5 14. Qh4 g6 15. Ndf3 Ne4 16. Kh1 Be7 17. Qh3 f6 18. Nxd7 Qxd7 19. b3 a5 20. Nd2 Qe6 21. Nxe4 Qxe4 22. Qf3 Bf8 23. Qxe4 Rxe4 24. c5 Be7 25. Bd2 Bd8 26. a3 Bc7 27. b4 Ree8 28. Kg1 Kf7 29. Rfb1 Reb8 30. b5 a4 31. Rb2 Ke8 32. Rab1 Kd7 33. Kf2 b6 34. Ke2 cxb5 35. Rxb5 bxc5 36. Rxb8 Rxb8 37. Rxb8 Bxb8 38. dxc5 Kc6 39. Kd3 Ba7 40. Bb4 Bxc5 41. Bxc5 Kxc5 42. g3 g5 43. h3 h6 44. h4 g4 1/2-1/2

[Event "Hong Kong op"]
[Site "Hong Kong"]
[Date "2014.10.02"]
[Round "4"]
[White "Lo, Billy"]
[Black "Sarwate, Rohit"]
[Result "1-0"]
[WhiteElo "1887"]
[BlackElo "1647"]
[PlyCount "117"]
[EventDate "2014.10.01"]
[EventType "swiss"]
[EventRounds "9"]
[EventCountry "HKG"]
[SourceTitle "CBM 162 Extra"]
[Source "ChessBase"]
[SourceDate "2014.10.17"]
[SourceVersion "1"]
[SourceVersionDate "2014.10.17"]
[SourceQuality "1"]

1. e4 e5 2. Nf3 Nf6 3. Nxe5 d6 4. Nf3 Nxe4 5. d4 d5 6. Bd3 Nc6 7. 0-0 Be7 8. c4 Nb4 9. Be2 0-0 10. a3 Nc6 11. cxd5 Qxd5 12. Nc3 Nxc3 13. bxc3 Bf5 14. Bf4 Rac8 15. Re1 Bf6 16. Bd3 Bxd3 17. Qxd3 Rfd8 18. Rab1 b6 19. Rb5 Qd7 20. Rh5 g6 21. Rh3 Re8 22. Rf1 Qd5 23. Nd2 Re7 24. Re3 Rxe3 25. fxe3 Bg7 26. e4 Qd7 27. Nf3 Re8 28. Qe3 Qe7 29. e5 f6 30. Qe4 fxe5 31. Qxc6 exf4 32. Re1 Qxe1+ 33. Nxe1 Rxe1+ 34. Kf2 Re7 35. Qa8+ Kf7 36. Qxa7 g5 37. Qb7 Bf6 38. Qd5+ Kg7 39. a4 h6 40. Qb5 Kg6 41. Qd3+ Kg7 42. g3 fxg3+ 43. hxg3 Re8 44. Qc4 Re7 45. Kf3 Kg6 46. d5 Be5 47. Qd3+ Kg7 48. Kg4 Bd6 49. Kh5 Re5 50. Qg6+ Kf8 51. Qxh6+ Ke8 52. c4 Kd8 53. Qh7 Kc8 54. Qd3 Kb7 55. Kg6 Kb8 56. Kf6 Kc8 57. Qd4 Re1 58. Kxg5 Bxg3 59. Qg4+ 1-0